Poesía urbana : (Antología, 1980-2010).

Guardat en:
Dades bibliogràfiques
Autor principal: García Montero, Luis, 1958- (autor)
Altres autors: Scarano, Laura (estudio y selección)
Format: Llibre
Idioma:espanyol
Publicat: Sevilla, España: Renacimiento, 2010.
Col·lecció:Colección Renacimiento. Serie Antologías ; 1
Matèries:
Etiquetes: Afegir etiqueta
Sense etiquetes, Sigues el primer a etiquetar aquest registre!

MARC

LEADER 00000cam a2200000 a 4500
001 12949873
003 CL-VaPUC
005 20241125164035.0
008 020717s2010 sp b 000 0 spa
999 |c 440420  |d 440418 
010 |a  2002496592 
020 |a 8484720454 
035 |a (SpBaP)pu020049868 
040 |a DLC  |c Pontificia Universidad Católica de Valparaíso  |d DLC 
050 0 0 |a PQ6657.A6965  |b A6 2002 
082 0 0 |a 861 GAR 2010  |2 21 
100 |a García Montero, Luis,  |d 1958-  |e autor  |9 881101 
245 1 0 |a Poesía urbana :  |b (Antología, 1980-2010). 
260 |a Sevilla, España:  |b Renacimiento,  |c 2010. 
300 |a 237 páginas. 
490 |a Colección Renacimiento. Serie Antologías ;  |v 1 
504 |a Includes bibliographical references. 
583 |c 20230331  |k GC 
650 |a Poesía española  |y Siglo 20  |9 881364 
700 1 |a Scarano, Laura.  |e estudio y selección  |9 881114 
942 |2 ddc  |c BK 
952 |0 0  |1 0  |2 ddc  |4 0  |6 861_000000000000000_GAR_2010  |7 0  |8 A  |9 589786  |a BIBEDU  |b BIBEDU  |c GEN  |d 2023-04-26  |e Compra Rectoría   |i 5657191  |l 1  |o 861 GAR 2010  |p 5657191  |r 2024-03-07  |s 2024-03-07  |t 1  |w 2023-04-26  |y BK  |k EDU